|
|
|
|
| LEADER |
00000nam2a2200000 4500 |
| 001 |
295536 |
| 005 |
20231101002416.0 |
| 035 |
|
|
|a (RuTPU)RU\TPU\book\320624
|
| 035 |
|
|
|a RU\TPU\book\320109
|
| 090 |
|
|
|a 295536
|
| 100 |
|
|
|a 20150523d1983 k y0rusy50 ca
|
| 101 |
0 |
|
|a rus
|
| 102 |
|
|
|a RU
|
| 105 |
|
|
|a y z 000zy
|
| 200 |
0 |
|
|a Ч. 2 : Методы радиохимического анализа вод
|
| 210 |
|
|
|d 1983
|
| 215 |
|
|
|a 55 с.
|
| 461 |
|
1 |
|0 (RuTPU)RU\TPU\book\92431
|t Унифицированные методы исследования качества вод
|f Совет экономической взаимопомощи
|v Ч. 2 : Методы радиохимического анализа вод
|e 4-е изд.
|d 1983
|
| 606 |
1 |
|
|a Вода
|x Качество
|2 stltpush
|3 (RuTPU)RU\TPU\subj\2667
|
| 610 |
1 |
|
|a исследования
|
| 610 |
1 |
|
|a радиохимический анализ
|
| 610 |
1 |
|
|a качество
|
| 610 |
1 |
|
|a радиоизотопы
|
| 610 |
1 |
|
|a пробы
|
| 610 |
1 |
|
|a бета-активность
|
| 801 |
|
1 |
|a RU
|b 63413507
|c 20051118
|g PSBO
|
| 801 |
|
2 |
|a RU
|b 63413507
|c 20170724
|g PSBO
|
| 942 |
|
|
|c BK
|